| 000 | 00945nam a2200193 i 4500 | ||
|---|---|---|---|
| 001 | 166926 | ||
| 003 | ES-MaACL | ||
| 005 | 20231105063046.0 | ||
| 008 | 050921s1878 sp |||| | spa d | ||
| 100 | 1 |
_aValle y Huerta, Gumersindo del, _d1849-1900 _9133514 |
|
| 245 | 1 | 4 |
_aLas pasiones ante las ciencias biológicas _b: discurso leido en la sexta sesion inaugural de la "Sociedad Anatómica Española" verificada el dia 17 de noviembre de 1878 / _cpor Gumersindo del Valle y Huerta. |
| 260 |
_aMadrid : _b[s.n.], _c1878 ( _fImp. de Enrique Teodoro) |
||
| 300 |
_a52 p. ; _c22 cm. |
||
| 530 | _aDisponible en formato digital. | ||
| 650 | 0 | 4 |
_aBiología- _xFilosofía. _910585 |
| 852 |
_aES-MaACL _jT-314-F-3 _z- Enc. hol. _z- Enc. en un vol. facticio |
||
| 856 |
_uhttp://bibliotecadigitalhispanica.bne.es:80/webclient/DeliveryManager?pid=1678155&custom_att_2=simple_viewer _zBiblioteca Digital Hispánica |
||
| 999 |
_c166926 _d166926 |
||